| 000 | 00425nam a2200169Ia 4500 | ||
|---|---|---|---|
| 003 | GCL | ||
| 008 | 140319s9999 xx 000 0 eng d | ||
| 040 |
_aGCL / _cGCL |
||
| 082 | 0 | 4 |
_a302.54 _bS E |
| 100 | 1 | _aSTIRNER, MAX | |
| 245 | 1 | 0 |
_aTHE EGO AND ITS OWN / _cSTIRNER, MAX |
| 260 |
_a[S.N] : _bCAMBRIDGE UNIVERSITY PRESS ، _c1995 |
||
| 300 | _a386 P | ||
| 650 | 0 | 4 | _aINDIVIDUALISM |
| 650 | 0 | 4 | _aEGOTISM |
| 942 |
_2ddc _cBK |
||
| 999 |
_c24389 _d24389 |
||